000
00298nam a22001217a 4500
008
170615b xxu||||| |||| 00| 0 eng d
041
_a
eng
080
_2
10 ED
_a
32
100
_a
20
101
_a
SHP
245
_a
POLITICAL BEHAVIOR OF THE AMERICAN ELECTORATE
_c
FLANIGAN.W.H
942
_2
udc
_c
BK
999
_c
17636
_d
17636